| 000 | 00465nam a22001697a 4500 | ||
|---|---|---|---|
| 005 | 20241221115845.0 | ||
| 008 | 241221b ||||| |||| 00| 0 eng d | ||
| 040 | _cAL | ||
| 041 | _aEnglish | ||
| 082 |
_223 _a348.04 _bEASS |
||
| 100 |
_aEastern Book Company _9191812 |
||
| 245 | _aSupreme Court Cases 2007: Vol 6 | ||
| 260 |
_aLucknow _bEastern Book Comapny _c2009 |
||
| 650 |
_aLaw _9191813 |
||
| 650 |
_aMode of Citation(2007) 6 SCC _9191814 |
||
| 942 |
_2ddc _cBI |
||
| 999 |
_c233348 _d233348 |
||